00948nam a2200265 a 4500001001000000003000900010005001700019007000300036008004100039020001800080040002500098082002700123100003000150245011900180250001200299260003600311300002700347490004200374500005500416504002500471600004800496650004100544651007100585700002600656000046773DO-SdBNP20240302073951.0ta090723e2014 dr a br 000 edspa d a9789945468250 aDO-SdBNPbspacBNPHU 4a923.2bC343j, 20142221 aCassá, Roberto, d1948-10aJosé Núñez de Cáceres :bprecursor de la independencia /cRoberto Cassá ; ilustraciones José Mercader. a3a. ed. aSanto Domingo :bTobogan,c2014 a50 p. :bil. ;c23 cm.1 aBiografías Dominicanas, Tobogán ; aIncluye datos biografícos del autor e ilustrador aBiografía p: 47-4810aNúñez de Cáceres, José, d1772-1846 4aRepública dominicanaxBiografías 4aRepública DominicanaxHistoriavOcupación Haitiana,y1922-18441 aMercader, Joséeil.